College Quizbowl Stats
College Quizbowl Stats
Circuits
Seasons
Sets
Records
Detailed Stats
About
Loading...
Northeast
Tossups
Bonuses
Players
Teams
Categories (Tossup)
Categories (Bonus)
Niki Ilia
Boston College B
Categories
Category
Powers
Gets
Negs
BBs
Points
Earliest Buzz
Avg. Buzz
First Buzzes
Top 3 Buzzes
BPA
PVF
Science - Chemistry
0
2
0
0
20
59
69.00
0
0
6.41
15.74
Science - Physics
0
1
0
0
10
45
45.00
0
0
6.21
7.41
Science - Other
0
1
1
0
5
94
94.00
0
0
0.97
4.63
Buzzes
Category
Answer
Value
Buzz Position
Science - Physics
special relativity
10
45
Science - Other
continuity
-5
57
Science - Chemistry
free radicals
10
59
Science - Chemistry
benzene
10
79
Science - Other
C
10
94
Science - Physics
Ludwig Boltzmann
0
104
Previous
1
Next